| 000 | nam a22 7a 4500 | ||
|---|---|---|---|
| 999 |
_c127904 _d127904 |
||
| 008 | 180411b xxu||||| |||| 00| 0 eng d | ||
| 050 | _aDS506.MU | ||
| 100 |
_aMendes Pinto, Fernao _941437 |
||
| 245 |
_aPaginas da Peregrinacao _c\by Fernao Mendes Pinto |
||
| 260 |
_aLisboa: _bAdolfo Casais Monteiro, _c1972 |
||
| 300 |
_a193p.; _c18cm. |
||
| 440 |
_aLivros RTP _nno. 78 _941438 |
||
| 650 |
_aVoyages and travel _941439 |
||
| 651 |
_aAsia _xdescription and travel _935901 |
||
| 942 |
_2lcc _cMONOGRAPH |
||